[Event "World Rapid 2025"]
[Site "Doha QAT"]
[Date "2025.12.27"]
[Round "7.13"]
[White "Kosakowski, Jakub"]
[Black "Matlakov, Maxim"]
[Result "1/2-1/2"]
[WhiteTitle "GM"]
[BlackTitle "GM"]
[WhiteElo "2549"]
[BlackElo "2606"]
[WhiteFideId "1185080"]
[BlackFideId "4168003"]
[EventDate "2025.12.26"]

1. e4 c5 2. Nf3 e6 3. d4 cxd4 4. Nxd4 Nc6 5. Nc3 a6 6. Nxc6 bxc6 7. Qd3 d5 8.
Qg3 h5 9. h4 d4 10. Nb1 Nf6 11. e5 Ne4 12. Qf3 Qd5 13. Bd3 f5 14. exf6 Nxf6 15.
Bg6+ Kd7 16. Nd2 Bb4 17. O-O Bxd2 18. Qxd5+ cxd5 19. Bxd2 Rb8 20. b3 e5 21. Rfe1
Kd6 22. c3 dxc3 23. Bxc3 d4 24. Bb2 Nd5 25. Bf7 Nb4 26. f4 Nd3 27. Ba3+ Kc6 28.
Red1 Nxf4 29. Rac1+ Kd7 30. Rc5 Rb5 31. Rxe5 Rxe5 32. Rxd4+ Kc6 33. Rxf4 Bg4 34.
Bb2 Re2 35. Bxg7 Rd8 36. Bc4 Rxa2 37. Bd4 Rd2 38. Be3 Ra2 39. Kh2 Rd6 40. Rf8
Kb7 41. Rf7+ Rd7 42. Rf6 Be2 43. Rf2 Bxc4 44. Rxa2 Bxb3 45. Ra5 Rd5 46. Rxd5
Bxd5 47. g4 hxg4 48. Kg3 1/2-1/2

[Event "World Rapid 2025"]
[Site "Doha QAT"]
[Date "2025.12.27"]
[Round "7.14"]
[White "Movahed, Sina"]
[Black "Firouzja, Alireza"]
[Result "1-0"]
[WhiteTitle "GM"]
[BlackTitle "GM"]
[WhiteElo "2596"]
[BlackElo "2762"]
[WhiteFideId "42520835"]
[BlackFideId "12573981"]
[EventDate "2025.12.26"]

1. e4 c5 2. Nf3 d6 3. d4 cxd4 4. Nxd4 Nf6 5. Nc3 a6 6. Bg5 e6 7. Qf3 h6 8. Bd2
Qb6 9. Nb3 Nc6 10. Be2 Qc7 11. a4 b6 12. O-O Bb7 13. Qg3 h5 14. f4 h4 15. Qh3
Na5 16. Nd4 Be7 17. Rae1 Nc4 18. Bc1 Qc5 19. Rd1 Rc8 20. Kh1 Qc7 21. Bg4 Nxg4
22. Qxg4 g6 23. h3 Qd7 24. Qe2 Rg8 25. b3 Na5 26. Bb2 Nc6 27. Nf3 Qc7 28. Qf2
Nb4 29. Rd4 d5 30. exd5 Nxd5 31. Nxd5 Bxd5 32. Rxd5 exd5 33. Re1 Kf8 34. Ng5
Bxg5 35. fxg5 Rg7 36. Bxg7+ Kxg7 37. Qf6+ 1-0

[Event "World Rapid 2025"]
[Site "Doha QAT"]
[Date "2025.12.27"]
[Round "7.15"]
[White "Caruana, Fabiano"]
[Black "Paravyan, David"]
[Result "1-0"]
[WhiteTitle "GM"]
[BlackTitle "GM"]
[WhiteElo "2795"]
[BlackElo "2582"]
[WhiteFideId "2020009"]
[BlackFideId "4194985"]
[EventDate "2025.12.26"]

1. d4 d5 2. c4 dxc4 3. Nf3 Nf6 4. e3 e6 5. Bxc4 c5 6. O-O Nc6 7. Nc3 a6 8. Ne5
Nxe5 9. dxe5 Qxd1 10. Rxd1 Nd7 11. f4 b5 12. Be2 Bb7 13. a4 b4 14. Nb1 f6 15.
exf6 Nxf6 16. Nd2 O-O-O 17. Nc4 Rxd1+ 18. Bxd1 Rg8 19. b3 g5 20. Bb2 Be7 21. g3
h5 22. Rc1 gxf4 23. exf4 h4 24. Bxf6 Bxf6 25. Nd6+ Kb8 26. Nxb7 Kxb7 27. Kg2
hxg3 28. hxg3 Rd8 29. Be2 Rd2 30. Kf3 e5 31. Rxc5 exf4 32. gxf4 Rd6 33. Bc4 Bd8
34. Ke4 a5 35. Rh5 Rd2 36. Rh7+ Kc6 37. f5 Kc5 38. Ke5 Rd6 39. Rf7 Rd1 40. f6
Re1+ 41. Kf5 Re3 42. Rd7 Bb6 43. f7 Rf3+ 44. Ke4 Rf6 45. Bb5 1-0

[Event "World Rapid 2025"]
[Site "Doha QAT"]
[Date "2025.12.27"]
[Round "7.16"]
[White "Hong, Andrew"]
[Black "Abdusattorov, Nodirbek"]
[Result "0-1"]
[WhiteTitle "GM"]
[BlackTitle "GM"]
[WhiteElo "2568"]
[BlackElo "2732"]
[WhiteFideId "2099438"]
[BlackFideId "14204118"]
[EventDate "2025.12.26"]

1. e4 e5 2. Nf3 Nc6 3. Bb5 a6 4. Ba4 Nf6 5. O-O Bc5 6. c3 b5 7. Bb3 d6 8. d4 Bb6
9. h3 O-O 10. Be3 h6 11. Nbd2 Re8 12. Re1 Rb8 13. Rc1 Bb7 14. Bc2 exd4 15. cxd4
Nb4 16. Bb1 Nxe4 17. Nxe4 Bxe4 18. Bxe4 Rxe4 19. Qb3 c5 20. a3 c4 21. Qxb4 Ba5
22. Bg5 hxg5 23. Rxe4 Bxb4 24. axb4 d5 25. Re3 Qd6 26. Nxg5 Qxb4 27. Rce1 Rf8
28. R1e2 Qd6 29. Ra3 b4 30. Ra5 Qd8 31. Rxa6 Qxg5 32. g3 Rc8 0-1

[Event "World Rapid 2025"]
[Site "Doha QAT"]
[Date "2025.12.27"]
[Round "7.17"]
[White "Dominguez Perez, Leinier"]
[Black "Petrov, Nikita"]
[Result "1/2-1/2"]
[WhiteTitle "GM"]
[BlackTitle "GM"]
[WhiteElo "2738"]
[BlackElo "2578"]
[WhiteFideId "3503240"]
[BlackFideId "4101286"]
[EventDate "2025.12.26"]

1. e4 e5 2. Nf3 Nc6 3. Bc4 d6 4. O-O Be7 5. c3 Nf6 6. d3 O-O 7. a4 a5 8. Re1 Be6
9. Bxe6 fxe6 10. Na3 h6 11. Bd2 Qd7 12. Nc4 b6 13. b4 Bd8 14. b5 Ne7 15. d4 exd4
16. cxd4 Ng6 17. Rc1 Nh5 18. g3 Qf7 19. Kg2 Be7 20. Nb2 Rac8 21. Nd3 Nf6 22. Qe2
Nd7 23. Rc2 Bd8 24. Rec1 Ra8 25. Be3 Ne7 26. Nd2 d5 27. Bf4 dxe4 28. Qxe4 Nd5
29. Nf3 Qf5 30. Re1 Qxe4 31. Rxe4 Re8 32. Be5 Bf6 33. Nf4 Bxe5 34. Nxe5 N7f6 35.
Re1 Nxf4+ 36. gxf4 Nd5 37. Nd3 Rad8 38. Kf3 Re7 39. Rc6 Rd6 40. Rec1 Rd8 41. Ne5
Kh7 42. Nd3 Kg8 43. Re1 Rd6 44. Rc4 Rf7 45. h4 Kh7 46. Re5 Rfd7 47. Re1 1/2-1/2

[Event "World Rapid 2025"]
[Site "Doha QAT"]
[Date "2025.12.27"]
[Round "7.18"]
[White "So, Wesley"]
[Black "Warmerdam, Max"]
[Result "1-0"]
[WhiteTitle "GM"]
[BlackTitle "GM"]
[WhiteElo "2753"]
[BlackElo "2573"]
[WhiteFideId "5202213"]
[BlackFideId "1048104"]
[EventDate "2025.12.26"]

1. d4 d5 2. c4 e6 3. Nc3 Nf6 4. cxd5 exd5 5. Bg5 c6 6. e3 h6 7. Bh4 Be7 8. Bd3
O-O 9. Nge2 Re8 10. O-O a5 11. f3 b5 12. Rc1 Nbd7 13. Bf2 Ba6 14. Ng3 Bf8 15.
Kh1 a4 16. Re1 Qa5 17. Nce2 c5 18. dxc5 Nxc5 19. Bb1 b4 20. Nd4 Qb6 21. e4 dxe4
22. fxe4 Rad8 23. e5 Nfd7 24. e6 fxe6 25. Qg4 Bd3 26. Nxe6 Rxe6 27. Rxe6 Qxe6
28. Qxe6+ Nxe6 29. Bxd3 Ne5 30. Bf5 Nf4 31. Bb6 Re8 32. Re1 Bd6 33. Ne4 Ned3 34.
Nf6+ 1-0

[Event "World Rapid 2025"]
[Site "Doha QAT"]
[Date "2025.12.27"]
[Round "7.19"]
[White "Dubov, Daniil"]
[Black "Makhnev, Denis"]
[Result "1-0"]
[WhiteTitle "GM"]
[BlackTitle "GM"]
[WhiteElo "2672"]
[BlackElo "2532"]
[WhiteFideId "24126055"]
[BlackFideId "13707647"]
[EventDate "2025.12.26"]

1. e4 e5 2. Bc4 Nf6 3. Nc3 Bb4 4. Nf3 d6 5. d3 h6 6. O-O Bxc3 7. bxc3 Nc6 8. Nd2
O-O 9. Bb3 d5 10. exd5 Nxd5 11. Ne4 Bf5 12. Bxh6 Nxc3 13. Nxc3 gxh6 14. Qd2 Kg7
15. Rae1 Qd4 16. Bd5 Rad8 17. Bxc6 bxc6 18. Ne2 Qc5 19. Ng3 Bg6 20. Ne4 Qd4 21.
Qa5 Qd5 22. Qxa7 Ra8 23. Qxc7 Rfc8 24. Qe7 Ra5 25. Qf6+ Kh7 26. Re3 Qd8 27. Qf3
f5 28. Nd2 e4 29. Qf4 Rxa2 30. Rh3 Qf8 31. Rb1 Ra7 32. dxe4 fxe4 33. Qe3 Re7 34.
Rh4 Rce8 35. h3 h5 36. Rf4 Qg7 37. h4 Re6 38. g3 R8e7 39. Nf1 Rf6 40. Rb6 Rxf4
41. Qxf4 Qc3 42. Qd6 Rg7 43. Rxc6 Qe1 44. Rc7 Rxc7 45. Qxc7+ Kg8 46. Qd8+ Kh7
47. Kg2 e3 48. Qe7+ Kg8 49. Nxe3 Qe2 50. Qe6+ Kh7 51. Qd5 Qa6 52. Nf5 Qf6 53.
Qd7+ Kh8 54. Qd4 1-0

[Event "World Rapid 2025"]
[Site "Doha QAT"]
[Date "2025.12.27"]
[Round "7.20"]
[White "Grischuk, Alexander"]
[Black "Makarian, Rudik"]
[Result "1/2-1/2"]
[WhiteTitle "GM"]
[BlackTitle "GM"]
[WhiteElo "2654"]
[BlackElo "2524"]
[WhiteFideId "4126025"]
[BlackFideId "44105681"]
[EventDate "2025.12.26"]

1. e4 e5 2. Nf3 Nc6 3. Bb5 a6 4. Ba4 Nf6 5. O-O Be7 6. Bxc6 dxc6 7. d3 Bg4 8. h3
Bxf3 9. Qxf3 Qd7 10. Nd2 Qe6 11. Nc4 Nd7 12. Bd2 O-O-O 13. a4 b6 14. Qg3 g5 15.
b4 Kb7 16. Ne3 f6 17. Nf5 b5 18. axb5 axb5 19. c4 Nb6 20. cxb5 cxb5 21. d4 exd4
22. Ra7+ Kxa7 23. Qxc7+ Ka6 24. Ra1+ Na4 25. Qa5+ Kb7 26. Qxb5+ Qb6 27. Qxa4 Ra8
28. Qd7+ Qc7 29. Qb5+ Qb6 30. Qd7+ Qc7 31. Qd5+ Qc6 32. Re1 Qxd5 33. exd5 Bd8
34. Nxd4 Ra2 35. Be3 Bb6 36. Ne6 Rha8 37. Nc5+ Bxc5 1/2-1/2

[Event "World Rapid 2025"]
[Site "Doha QAT"]
[Date "2025.12.27"]
[Round "7.21"]
[White "Praggnanandhaa, R"]
[Black "Le, Tuan Minh"]
[Result "1-0"]
[WhiteTitle "GM"]
[BlackTitle "GM"]
[WhiteElo "2761"]
[BlackElo "2598"]
[WhiteFideId "25059530"]
[BlackFideId "12401153"]
[EventDate "2025.12.26"]

1. e4 e5 2. Nf3 Nc6 3. Bc4 Bc5 4. d3 Nf6 5. Nbd2 O-O 6. c3 a6 7. O-O d6 8. Bb3
Ba7 9. h3 h6 10. Re1 Nh5 11. Nf1 Qf6 12. N1h2 Be6 13. Ng4 Qe7 14. d4 Bxb3 15.
axb3 Nf6 16. Nh4 Nxg4 17. Qxg4 Qf6 18. Nf5 Kh7 19. dxe5 Nxe5 20. Qg3 Rae8 21.
Be3 Bxe3 22. Nxe3 Nd7 23. f3 Re6 24. Rad1 a5 25. Qf2 Qd8 26. Rd5 Re5 27. Rd4 Nc5
28. Nc4 Nxb3 29. Nxe5 Nxd4 30. Nxf7 Nxf3+ 31. Qxf3 Qe7 32. Rf1 Kg8 33. Nxh6+
gxh6 34. Qg4+ Kh7 35. Rxf8 Qxf8 36. Qd7+ Qg7 37. Qf5+ Kg8 38. Qxa5 Qg3 39. Qf5
Qe3+ 40. Kh2 Kg7 41. h4 Qd2 42. h5 c5 43. Kh3 b5 44. g3 b4 45. cxb4 cxb4 46.
Qg4+ Kh8 47. Qf4 Qxb2 48. Qxh6+ Kg8 49. Qxd6 Qa1 50. Qxb4 Qh1+ 51. Kg4 Qd1+ 52.
Kh4 Qh1+ 53. Kg4 Qd1+ 54. Kf4 Qxh5 55. Qb8+ Kf7 56. Qb7+ Kf8 57. Qc8+ Ke7 58.
Qf5 Qh2 59. e5 Qd2+ 60. Kg4 Qe2+ 61. Kg5 Qd2+ 62. Kg6 Qc3 63. g4 Qc4 64. Kg7 Qe2
65. g5 Qe3 66. Qf6+ Ke8 67. g6 Qe4 68. Qf7+ Kd8 69. e6 Qc6 1-0

[Event "World Rapid 2025"]
[Site "Doha QAT"]
[Date "2025.12.27"]
[Round "7.22"]
[White "Sevian, Samuel"]
[Black "Tin, Jingyao"]
[Result "1-0"]
[WhiteTitle "GM"]
[BlackTitle "GM"]
[WhiteElo "2688"]
[BlackElo "2584"]
[WhiteFideId "2040506"]
[BlackFideId "5804418"]
[EventDate "2025.12.26"]

1. e4 e5 2. Nf3 Nc6 3. Bc4 Bc5 4. c3 Nf6 5. d3 d6 6. Bg5 h6 7. Bh4 a6 8. Nbd2
Ba7 9. a4 Qe7 10. O-O g5 11. Bg3 Nd7 12. Kh1 Nf8 13. Ng1 h5 14. f3 h4 15. Bf2
Bxf2 16. Rxf2 f5 17. exf5 Bxf5 18. b4 O-O-O 19. b5 d5 20. Ba2 Nb8 21. c4 d4 22.
c5 axb5 23. axb5 Qxc5 24. Ne4 Qe7 25. Rc1 Ne6 26. Rfc2 Rd7 27. Bxe6 Bxe6 28. Nc5
Rd6 29. Ne4 Rd7 30. Nc5 Rd6 31. Nxe6 Rxe6 32. Rxc7+ Qxc7 33. Rxc7+ Kxc7 34. Qc1+
Kb6 35. Qxg5 Nd7 36. f4 Rf8 37. fxe5 Nxe5 38. Qxh4 Kc5 39. Qe4 Rf1 40. Qe2 Rc1
41. h3 Rc3 42. Nf3 Rc1+ 43. Ng1 Rc3 44. Qa2 Re7 45. Ne2 Rxd3 46. Nf4 Rd1+ 47.
Kh2 Nc4 48. Qc2 Rd2 49. Qf5+ Re5 50. Qd7 Kb4 51. Qxb7 Rxb5 52. Qd7 Ne3 53. h4
Rf5 54. h5 Kc3 55. h6 Ng4+ 56. Kg3 Nxh6 57. Qc6+ Kb2 58. Qxh6 Rb5 59. Qf6 Kb1
60. Kh4 Rb3 61. Qe6 Kb2 62. Qe5 Kb1 63. Qa5 Rd1 64. Ne2 Rh1+ 65. Kg4 d3 66. Nc3+
Kc2 67. Ne4 Kb2 68. Qd2+ Ka3 69. Nc5 Rb4+ 70. Kg3 Rc4 71. Qxd3+ Kb4 72. Na6+ 1-0

[Event "World Rapid 2025"]
[Site "Doha QAT"]
[Date "2025.12.27"]
[Round "7.23"]
[White "Bjerre, Jonas Buhl"]
[Black "Van Foreest, Jorden"]
[Result "0-1"]
[WhiteTitle "GM"]
[BlackTitle "GM"]
[WhiteElo "2623"]
[BlackElo "2692"]
[WhiteFideId "1444948"]
[BlackFideId "1039784"]
[EventDate "2025.12.26"]

1. e4 c6 2. d4 d5 3. exd5 cxd5 4. Nf3 Nc6 5. c3 Bg4 6. h3 Bh5 7. Qb3 Qd7 8. Ne5
Nxe5 9. dxe5 a6 10. c4 d4 11. Bd3 Bg6 12. O-O e6 13. Bxg6 hxg6 14. Nd2 Ne7 15.
Ne4 Nc6 16. Bf4 Be7 17. Rad1 Rh5 18. Rfe1 Rd8 19. c5 Rf5 20. Bg3 Nxe5 21. Nd6+
Bxd6 22. Rxd4 Qb5 23. Qxb5+ axb5 24. cxd6 Nc6 25. Rd3 Kd7 26. Rc1 Ra8 27. a3 Rh8
28. Bh2 Rhh5 29. g4 Rc5 30. Rcd1 Rhd5 31. Rxd5 Rxd5 32. Rxd5 exd5 33. Kf1 f6 34.
Ke2 Ne5 35. Ke3 g5 36. f4 d4+ 37. Ke4 d3 38. Ke3 d2 39. Ke2 Nf3 40. Bg3 gxf4 41.
Bxf4 Ng1+ 42. Kxd2 Nxh3 43. Bg3 Ng5 44. Kd3 Nf7 45. Kd4 Nxd6 46. b3 Kc6 47. Bf4
Nf7 48. Ke4 g6 49. Be3 Kd6 50. Kd4 Ne5 51. Bf4 g5 52. Bg3 Ke6 53. Kc5 Nxg4 54.
Kb6 f5 55. Kxb7 f4 56. Be1 f3 57. a4 bxa4 58. bxa4 f2 59. Bxf2 Nxf2 60. a5 Nd3
61. Kb6 Nb4 62. Kb5 g4 63. Kxb4 Kd7 0-1

[Event "World Rapid 2025"]
[Site "Doha QAT"]
[Date "2025.12.27"]
[Round "7.24"]
[White "Hovhannisyan, Robert"]
[Black "Ivanchuk, Vasyl"]
[Result "1/2-1/2"]
[WhiteTitle "GM"]
[BlackTitle "GM"]
[WhiteElo "2621"]
[BlackElo "2607"]
[WhiteFideId "13302507"]
[BlackFideId "14100010"]
[EventDate "2025.12.26"]

1. e4 d6 2. d4 Nf6 3. Nc3 g6 4. Nf3 Bg7 5. Be3 c6 6. Qd2 Qa5 7. h3 Nbd7 8. Bd3
O-O 9. O-O e5 10. a4 Re8 11. dxe5 dxe5 12. Bc4 Nb6 13. Bb3 Be6 14. Bxe6 Rxe6 15.
Nd5 Qxd2 16. Nxf6+ Bxf6 17. Nxd2 Nc8 18. Nc4 b5 19. Nd2 Bd8 20. Nb3 Nd6 21. Nc5
Re8 22. b3 Bb6 23. Nd7 Nxe4 24. Bxb6 axb6 25. Rfe1 f5 26. f3 Ra7 27. Nxb6 Nc3
28. axb5 Rxa1 29. Rxa1 cxb5 30. Ra7 e4 31. fxe4 fxe4 32. Nd7 Nd5 33. c4 bxc4 34.
bxc4 e3 35. cxd5 e2 36. Nf6+ Kf8 37. Nxh7+ Kg8 38. Nf6+ Kf8 39. Nh7+ Kg8 1/2-1/2

[Event "World Rapid 2025"]
[Site "Doha QAT"]
[Date "2025.12.27"]
[Round "7.25"]
[White "Motylev, Alexander"]
[Black "Amar, Elham"]
[Result "1/2-1/2"]
[WhiteTitle "GM"]
[BlackTitle "GM"]
[WhiteElo "2573"]
[BlackElo "2592"]
[WhiteFideId "4121830"]
[BlackFideId "1533533"]
[EventDate "2025.12.26"]

1. d4 Nf6 2. g3 e6 3. Bg2 d5 4. Nf3 c5 5. O-O Nc6 6. c4 dxc4 7. dxc5 Qxd1 8.
Rxd1 Bxc5 9. Nbd2 c3 10. bxc3 O-O 11. Nb3 Be7 12. c4 Bd7 13. Be3 Rfc8 14. a4 Be8
15. a5 Rc7 16. Bf4 Rcc8 17. a6 bxa6 18. Ne5 g5 19. Nxc6 Bxc6 20. Bxg5 Bxg2 21.
Kxg2 Rxc4 22. Rxa6 Kg7 23. Rda1 Rc7 24. Be3 Nd5 25. Bxa7 Bf6 26. Bd4 Rxa6 27.
Rxa6 Rc2 28. e4 Nb4 29. Rd6 Nc6 30. Bxf6+ Kxf6 31. Rd2 Rc4 32. Re2 Nd4 33. Nxd4
Rxd4 34. Kf3 Ra4 35. Rb2 Rc4 36. Rb5 Ra4 37. h4 h6 38. Kf4 Rc4 39. f3 Ra4 40.
Rb8 Kg7 41. Rb7 Ra5 42. Rb3 Rc5 43. Kg4 Ra5 44. Kf4 Rc5 45. Ra3 Rb5 46. g4 Rc5
47. Ke3 Rc4 48. Kf4 Rc5 49. Kg3 Rc2 50. h5 Rb2 51. e5 Rc2 52. f4 Re2 53. Kf3 Re1
54. Kf2 Re4 55. Kg3 Re1 56. Rf3 Rg1+ 57. Kh3 Re1 58. Kg2 Re4 59. Rf2 Re3 60. Ra2
Re4 61. Kf3 Re1 62. Ra4 Rf1+ 63. Kg2 Re1 64. Kf2 Rh1 65. Ra7 Kg8 66. Rb7 Rh3 67.
Rb4 Kg7 68. Re4 Rh1 69. Kg2 Rh4 70. Kg3 Rh1 71. Re2 Rg1+ 72. Kf3 Rf1+ 73. Rf2
Re1 74. Re2 Rf1+ 75. Kg3 Rg1+ 76. Kh3 Rf1 77. Re4 Rh1+ 78. Kg3 Rg1+ 79. Kf3 Rh1
80. Ra4 Rh3+ 81. Kg2 Rh4 82. Kg3 Rh1 83. Ra7 Rg1+ 84. Kh3 Rf1 85. Ra4 Re1 86.
Kg2 Re3 87. Ra2 Kg8 88. Rf2 Kg7 89. Rf3 Re4 90. Kf2 Kg8 91. Kg3 Kg7 92. Rf1 Re3+
93. Kf2 Rh3 94. Rg1 Kf8 95. Rg3 Rh2+ 96. Kg1 Re2 97. g5 Kg7 98. g6 Re4 99. Rg4
Ra4 100. gxf7+ Kxf7 101. Rh4 Ra2 102. Rh3 Rb2 103. Rc3 Rb4 104. Rf3 Rb2 105. Rf2
Rb3 106. Kg2 Rb4 107. Kg3 Rb3+ 108. Kg4 Rb1 109. Rg2 Rh1 110. Rg3 Rh2 111. Rh3
Rf2 112. Rh1 Rg2+ 113. Kh3 Ra2 114. Rb1 Ra7 115. Kg4 Kf8 116. Rb8+ Kf7 117. Rb4
Ra1 118. Rb7+ Kg8 119. Re7 Ra6 120. Rd7 Ra1 121. Re7 Ra6 122. Kg3 Ra3+ 123. Kf2
Ra4 124. Ke3 Ra6 125. Rc7 Ra4 126. Rd7 Rb4 127. Re7 Rb6 128. Kd3 Ra6 129. Kc4
Ra4+ 130. Kc5 Rxf4 131. Rxe6 Rf5 132. Kd6 Rxh5 133. Re8+ Kg7 134. e6 Rh1 135.
Ra8 Rd1+ 136. Ke7 h5 137. Ra2 Kg6 138. Rg2+ Kf5 139. Rf2+ Kg4 140. Re2 Ra1 141.
Kf6 h4 142. e7 Ra8 143. e8=Q Rxe8 144. Rxe8 h3 145. Rh8 Kg3 146. Kf5 h2 147. Ke4
Kg2 148. Rg8+ Kf2 149. Rh8 Kg1 150. Kf3 h1=Q+ 151. Rxh1+ Kxh1 1/2-1/2

[Event "World Rapid 2025"]
[Site "Doha QAT"]
[Date "2025.12.27"]
[Round "7.26"]
[White "Adhiban, Baskaran"]
[Black "Kozak, Adam"]
[Result "1/2-1/2"]
[WhiteTitle "GM"]
[BlackTitle "GM"]
[WhiteElo "2557"]
[BlackElo "2546"]
[WhiteFideId "5018471"]
[BlackFideId "753246"]
[EventDate "2025.12.26"]

1. d4 Nf6 2. Nf3 b6 3. c4 e6 4. Bf4 Bb7 5. e3 Bb4+ 6. Nfd2 O-O 7. a3 Bd6 8. Bg3
h6 9. Nc3 Bxg3 10. hxg3 d5 11. cxd5 exd5 12. Be2 c5 13. Nf3 Nbd7 14. O-O Qe7 15.
a4 Rfc8 16. a5 c4 17. Qa4 Bc6 18. Qa3 Qxa3 19. Rxa3 b5 20. Na2 a6 21. Nb4 Bb7
22. Ne5 Rc7 23. f4 Ne4 24. Kh2 Nf8 25. Bf3 f6 26. Bxe4 dxe4 27. Ng4 h5 28. Nf2
f5 29. Rc1 Nd7 30. Rac3 Rcc8 31. Kg1 Nf6 32. Kf1 Kf7 33. Nd1 Nd5 34. Nxd5 Bxd5
35. b4 Kf6 1/2-1/2

[Event "World Rapid 2025"]
[Site "Doha QAT"]
[Date "2025.12.27"]
[Round "7.27"]
[White "Dardha, Daniel"]
[Black "Karthik, Venkataraman"]
[Result "1/2-1/2"]
[WhiteTitle "GM"]
[BlackTitle "GM"]
[WhiteElo "2603"]
[BlackElo "2589"]
[WhiteFideId "240990"]
[BlackFideId "25006479"]
[EventDate "2025.12.26"]

1. Nf3 d5 2. b3 Bg4 3. Bb2 Nd7 4. e3 e6 5. h3 Bh5 6. d3 h6 7. Nbd2 a5 8. a3 Ngf6
9. e4 dxe4 10. dxe4 Bc5 11. Bd3 Qe7 12. Nf1 Bxf3 13. Qxf3 Bd6 14. Nd2 Ne5 15.
Qe2 Nfd7 16. O-O O-O 17. a4 Rfd8 18. f4 Nxd3 19. cxd3 Bb4 20. Nf3 Nc5 21. Rad1
Nxb3 22. Kh1 Nc5 23. Qc2 Qe8 24. f5 Qxa4 25. Qe2 Qa2 26. fxe6 Nxe6 27. Ra1 Qb3
28. Ne5 f6 29. Ng4 Bc3 30. Bxc3 Qxc3 31. Qa2 Ra6 32. e5 f5 33. Rxf5 Qxd3 34.
Raf1 a4 35. Rf7 a3 36. Kh2 h5 37. R7f3 Qd5 38. Nf6+ gxf6 39. Rg3+ Kf7 40. Qe2
Rh8 41. Rd3 Qc5 42. Rxf6+ Ke7 43. Qe4 a2 44. Rf7+ Kxf7 45. Qf5+ Ke8 46. Qg6+ Ke7
47. Qf6+ Ke8 48. Qg6+ Ke7 49. Qf6+ Ke8 1/2-1/2

[Event "World Rapid 2025"]
[Site "Doha QAT"]
[Date "2025.12.27"]
[Round "7.28"]
[White "Gholami Orimi, Mahdi"]
[Black "Aravindh, Chithambaram VR."]
[Result "0-1"]
[WhiteTitle "GM"]
[BlackTitle "GM"]
[WhiteElo "2515"]
[BlackElo "2703"]
[WhiteFideId "12558486"]
[BlackFideId "5072786"]
[EventDate "2025.12.26"]

1. d4 Nf6 2. c4 e6 3. Nc3 Bb4 4. e3 O-O 5. Bd3 b6 6. Ne2 Bb7 7. O-O d5 8. Qc2
Nbd7 9. cxd5 exd5 10. a3 Be7 11. b4 Re8 12. Rb1 Qc8 13. Bf5 g6 14. Bh3 Bf8 15.
Bd2 c6 16. a4 a5 17. bxa5 bxa5 18. Nf4 Ba6 19. Nd3 Qd8 20. Rfd1 h5 21. Be1 Ng4
22. Ne2 Ndf6 23. Ng3 Qc7 24. Bxg4 Nxg4 25. h3 Nf6 26. Rbc1 Rec8 27. Nf1 Bd6 28.
f3 Qe7 29. Bh4 Qe6 30. Nf4 Bxf4 31. exf4 Bxf1 32. Kxf1 Nd7 33. Re1 Qd6 34. f5
Qf4 35. fxg6 Qxh4 36. gxf7+ Kg7 37. Qf5 Nf8 38. Re5 Rab8 39. g3 Qxg3 40. Qxh5
Ng6 41. Rg5 Qd6 42. Qg4 Kxf7 43. h4 Ne7 44. Qh5+ Kf8 45. Qh8+ Kf7 46. Qh5+ Ke6
47. Qg4+ Kf6 48. Re5 Kf7 49. Rce1 Rc7 50. Qh5+ Kf8 51. Qg5 Qg6 52. Qf4+ Qf7 53.
Qh6+ Ke8 54. Qh8+ Qf8 55. Qh5+ Kd8 56. R1e2 Rb1+ 57. Kf2 Qg7 58. Qg5 Qxg5 59.
hxg5 Rb4 60. f4 Rxd4 61. Kg3 c5 62. f5 Re4 63. R2xe4 dxe4 64. f6 Ng6 65. Rxe4 c4
66. Kf2 c3 67. Re1 Nf4 68. Rd1+ Ke8 69. Ke3 Nd5+ 70. Kd4 c2 71. Rc1 Nf4 72. Ke3
Nd5+ 73. Kd2 Nb4 74. g6 Rd7+ 75. Ke2 Rd6 76. Rg1 Re6+ 77. Kd2 Rd6+ 78. Ke2 Re6+
79. Kd2 Rd6+ 80. Ke2 Rd8 81. Rh1 Kd7 82. f7 Ke7 83. Rh8 0-1

[Event "World Rapid 2025"]
[Site "Doha QAT"]
[Date "2025.12.27"]
[Round "7.29"]
[White "Siddharth, Jagadeesh"]
[Black "Bu, Xiangzhi"]
[Result "1/2-1/2"]
[WhiteTitle "GM"]
[BlackTitle "GM"]
[WhiteElo "2489"]
[BlackElo "2665"]
[WhiteFideId "5818320"]
[BlackFideId "8601445"]
[EventDate "2025.12.26"]

1. c4 Nf6 2. Nc3 e5 3. Nf3 Nc6 4. e3 Bb4 5. Qc2 Bxc3 6. Qxc3 Qe7 7. a3 d5 8. d4
exd4 9. Nxd4 Nxd4 10. Qxd4 dxc4 11. Bxc4 O-O 12. O-O Rd8 13. Qh4 Be6 14. Be2 Bb3
15. f3 Nd5 16. Qxe7 Nxe7 17. e4 Nc6 18. Be3 Nd4 19. Bd1 Bc4 20. Rf2 Nb3 21. Bxb3
Bxb3 22. Rd2 Rxd2 23. Bxd2 Rd8 24. Bc3 f6 25. Kf2 Kf7 26. g4 Bd1 27. Ke3 c5 28.
Rc1 b6 29. h3 Bb3 30. Rg1 Bc4 31. h4 Rd3+ 32. Kf2 Bb3 33. Ke2 Bc4 34. Kf2 Bb3
35. g5 Bd1 36. Rg3 h5 37. gxh6 gxh6 38. h5 a5 39. e5 fxe5 40. Bxe5 Rd5 41. f4
Bxh5 42. Rg7+ Ke6 43. Rb7 Kf5 44. Rxb6 Ke4 45. Rxh6 Bf3 46. Bc3 Bg4 47. Bxa5
Kxf4 48. Bc3 Rh5 49. Rf6+ Bf5 50. a4 Rh2+ 51. Kg1 Rc2 52. a5 Kg4 53. Kf1 Kg5 54.
Rc6 Kf4 55. Rxc5 Bd3+ 56. Ke1 Ke3 57. Bd2+ Kd4 58. Rxc2 Bxc2 59. b4 Bd3 1/2-1/2

[Event "World Rapid 2025"]
[Site "Doha QAT"]
[Date "2025.12.27"]
[Round "7.30"]
[White "Narayanan, S.L."]
[Black "Orozbaev, Eldiyar"]
[Result "1-0"]
[WhiteTitle "GM"]
[BlackTitle "IM"]
[WhiteElo "2616"]
[BlackElo "2348"]
[WhiteFideId "5058422"]
[BlackFideId "13802240"]
[EventDate "2025.12.26"]

1. d4 d5 2. c4 dxc4 3. Nf3 Nf6 4. e3 Bg4 5. Bxc4 e6 6. h3 Bh5 7. Nc3 Nc6 8. O-O
Bd6 9. Be2 O-O 10. Nh4 Bxe2 11. Qxe2 Nd5 12. Nf3 Nxc3 13. bxc3 e5 14. a4 e4 15.
Nd2 f5 16. a5 Ne7 17. c4 c5 18. dxc5 Be5 19. Rb1 Qxa5 20. Rxb7 Ng6 21. f4 exf3
22. Nxf3 Qa6 23. Rd7 Bf6 24. Qd3 Rad8 25. Qd5+ Kh8 26. c6 Rc8 27. c7 Ne7 28. Qc5
Qc6 29. Qxc6 Nxc6 30. Rfd1 Kg8 31. Ba3 Rf7 32. Rxf7 Kxf7 33. Bd6 Ke6 34. c5 a5
35. Bf4 Be7 36. Nd4+ Nxd4 37. exd4 Kd7 38. Kf1 a4 39. Ra1 Ra8 40. Rb1 Rc8 41.
Rb8 1-0

[Event "World Rapid 2025"]
[Site "Doha QAT"]
[Date "2025.12.27"]
[Round "7.31"]
[White "Goutham Krishna H"]
[Black "Tabatabaei, M. Amin"]
[Result "1-0"]
[WhiteTitle "IM"]
[BlackTitle "GM"]
[WhiteElo "2433"]
[BlackElo "2700"]
[WhiteFideId "25983504"]
[BlackFideId "12521213"]
[EventDate "2025.12.26"]

1. b3 d5 2. Bb2 Bf5 3. Nf3 e6 4. g3 h6 5. Bg2 Nf6 6. d3 Be7 7. O-O O-O 8. c4 c6
9. Nbd2 Nbd7 10. a3 a5 11. Ra2 Re8 12. Qa1 Bf8 13. Rb1 Qe7 14. Ne5 Nxe5 15. Bxe5
Ng4 16. Bc3 e5 17. h3 Nf6 18. e4 dxe4 19. dxe4 Bg6 20. b4 axb4 21. axb4 Rxa2 22.
Qxa2 h5 23. h4 Ng4 24. c5 Kh7 25. Re1 f6 26. f3 Bf7 27. Nc4 Nh6 28. Qe2 Qc7 29.
Bh3 Rd8 30. Ra1 Qb8 31. Nb6 Qc7 32. Rd1 Be7 33. Rd2 Qb8 34. Qd1 Rxd2 35. Qxd2
Ng8 36. Qd1 Be8 37. Be6 Nh6 38. Nc8 Bf7 39. Bh3 Qc7 40. Qd7 Bd8 41. Bd2 Kg8 42.
Nd6 b6 43. Nxf7 Nxf7 44. Qe8+ Kh7 45. Be6 Nh6 46. Bxh6 1-0